| 000 | 00625nam a2200229Ia 4500 | ||
|---|---|---|---|
| 003 | OSt | ||
| 005 | 20220925221805.0 | ||
| 006 | a|||||r|||| 00| 0 | ||
| 007 | ta | ||
| 008 | 220923b |||||||| |||| 00| 0 eng d | ||
| 037 | _cGeneral Book | ||
| 040 |
_aRTL _cRTL _beng |
||
| 041 |
_2eng _aeng |
||
| 082 | _aR13, L9/SC | ||
| 100 | _aADORNO Theodor W. | ||
| 245 | 0 | _aDialectic of enlightenment. | |
| 260 |
_aLondon _bNLIB _c1979 |
||
| 300 |
_axvii,258p. _ccm. |
||
| 700 |
_a HORKHEIMER Max _929442 |
||
| 942 |
_hR13, L9/SC _cGB _2CC |
||
| 999 |
_c575339 _d575339 |
||